000
00305nam a2200121Ia 4500
005
20251222141946.0
008
251222s9999||||xx |||||||||||||| ||spa||
082
_a
REF.658.003/P46/Ej.2
100
_a
PƩrez Rosales, Manuel
245
0
_a
Diccionario de Administración
264
_b
San Marcos
942
_c
LIB
999
_c
9537
_d
9537